[Event "WCO 2016"]
[Site "?"]
[Date "2016.09.05"]
[Round "4"]
[Board "7"]
[WhiteID "13700316"]
[White "Kazhgaleyev Murtas"]
[BlackID "4500563"]
[Black "Shishkov Andrei"]
[Result "0-1"]
[BlackElo "2368"]
[WhiteElo "2594"]
[LiveChessVersion "1.4.8"]

1. d4 {[%clk 1:30:51]} Nf6 {[%clk 1:30:53]} 2. c4 {[%clk 1:31:16]} e6
{[%clk 1:31:21]} 3. Nc3 {[%clk 1:31:31]} Bb4 {[%clk 1:31:42]} 4. e3
{[%clk 1:31:55]} O-O {[%clk 1:31:55]} 5. Bd3 {[%clk 1:32:21]} c5 {[%clk 1:31:14]}
6. Nge2 {[%clk 1:32:29]} cxd4 {[%clk 1:28:42]} 7. exd4 {[%clk 1:31:00]} d5
{[%clk 1:27:47]} 8. cxd5 {[%clk 1:29:41]} Nxd5 {[%clk 1:27:17]} 9. O-O
{[%clk 1:30:03]} Nc6 {[%clk 1:22:12]} 10. Be4 {[%clk 1:30:06]} Nxc3
{[%clk 1:11:38]} 11. bxc3 {[%clk 1:30:15]} Bd6 {[%clk 1:12:00]} 12. c4
{[%clk 1:24:58]} Bxh2+ {[%clk 1:08:40]} 13. Kxh2 {[%clk 1:21:55]} Qh4+
{[%clk 1:09:05]} 14. Kg1 {[%clk 1:22:19]} Qxe4 {[%clk 1:09:30]} 15. Bb2
{[%clk 1:22:16]} Rd8 {[%clk 1:03:40]} 16. Qd2 {[%clk 1:14:04]} e5
{[%clk 0:55:47]} 17. Rfe1 {[%clk 1:04:52]} Be6 {[%clk 0:48:36]} 18. Qc1
{[%clk 0:53:45]} Nb4 {[%clk 0:38:30]} 19. d5 {[%clk 0:25:37]} Nd3
{[%clk 0:35:37]} 20. Qc2 {[%clk 0:21:05]} Bf5 {[%clk 0:35:30]} 21. Red1
{[%clk 0:19:03]} Rac8 {[%clk 0:31:01]} 22. Ng3 {[%clk 0:15:26]} Qxg2+
{[%clk 0:31:21]} 23. Kxg2 {[%clk 0:15:38]} Nf4+ {[%clk 0:31:50]} 24. Kh2
{[%clk 0:12:35]} Bxc2 {[%clk 0:31:39]} 25. Rd2 {[%clk 0:13:00]} Rxc4
{[%clk 0:29:52]} 26. Bxe5 {[%clk 0:13:25]} Nd3 {[%clk 0:28:28]} 27. Bxg7
{[%clk 0:09:21]} Kxg7 {[%clk 0:22:16]} 28. Nf5+ {[%clk 0:09:46]} Kf6
{[%clk 0:15:48]} 29. Ne3 {[%clk 0:10:12]} Rf4 {[%clk 0:14:01]} 30. Rxc2
{[%clk 0:10:07]} Rg8 {[%clk 0:12:12]} 31. Ng2 {[%clk 0:09:46]} Rf5
{[%clk 0:11:43]} 32. Nh4 {[%clk 0:07:46]} Rh5 {[%clk 0:04:53]} 33. Rc4
{[%clk 0:07:06]} Ke5 {[%clk 0:04:47]} 34. Rb1 {[%clk 0:01:37]} b6
{[%clk 0:01:53]} 35. d6 {[%clk 0:00:43]} Kd5 {[%clk 0:00:44]} 36. Ra4
{[%clk 0:00:53]} Nc5 {[%clk 0:00:42]} 37. Rd1+ {[%clk 0:00:39]} Kc6
{[%clk 0:01:05]} 38. Rf4 {[%clk 0:00:34]} Ne6 {[%clk 0:00:38]} 39. Rc4+
{[%clk 0:00:58]} Kd7 {[%clk 0:00:42]} 40. a4 {[%clk 0:31:05]} f5 {[%clk 0:30:36]}
41. Rdc1 {[%clk 0:18:41]} Kxd6 {[%clk 0:25:12]} 42. Rd1+ {[%clk 0:18:00]} Ke5
{[%clk 0:25:04]} 43. Rb4 {[%clk 0:11:40]} Nc5 {[%clk 0:08:53]} 44. Rg1
{[%clk 0:11:07]} Rxg1 {[%clk 0:07:59]} 45. Kxg1 {[%clk 0:11:35]} Rg5+
{[%clk 0:08:21]} 46. Ng2 {[%clk 0:10:55]} Rg4 {[%clk 0:08:05]} 47. f4+
{[%clk 0:11:17]} Ke6 {[%clk 0:04:59]} 48. Kh2 {[%clk 0:11:17]} Rg8
{[%clk 0:03:54]} 49. a5 {[%clk 0:11:34]} Rb8 {[%clk 0:03:08]} 50. axb6
{[%clk 0:11:53]} Rxb6 {[%clk 0:02:23]} 51. Rc4 {[%clk 0:11:55]} Rb5
{[%clk 0:02:17]} 52. Ne3 {[%clk 0:09:42]} a5 {[%clk 0:01:54]} 53. Nc2
{[%clk 0:10:08]} Kd6 {[%clk 0:01:55]} 54. Kh3 {[%clk 0:09:01]} Ne6
{[%clk 0:01:48]} 55. Ra4 {[%clk 0:07:22]} Rc5 {[%clk 0:01:24]} 56. Na3
{[%clk 0:07:07]} Kc6 {[%clk 0:00:52]} 57. Kh4 {[%clk 0:07:11]} Kb6
{[%clk 0:00:59]} 58. Kh5 {[%clk 0:04:53]} Rc3 {[%clk 0:00:46]} 59. Kh4
{[%clk 0:05:20]} Nc5 {[%clk 0:00:58]} 60. Nc4+ {[%clk 0:05:47]} Kb5
{[%clk 0:01:22]} 61. Rxa5+ {[%clk 0:06:15]} Kxc4 {[%clk 0:01:50]} 62. Kg5
{[%clk 0:06:39]} Rg3+ {[%clk 0:01:10]} 63. Kxf5 {[%clk 0:07:05]} h5
{[%clk 0:01:29]} 64. Ra7 {[%clk 0:07:15]} h4 {[%clk 0:01:46]} 65. Ke5
{[%clk 0:07:24]} Nd3+ {[%clk 0:01:31]} 66. Ke4 {[%clk 0:07:47]} Nf2+
{[%clk 0:01:43]} 67. Ke5 {[%clk 0:07:21]} h3 {[%clk 0:02:03]} 68. Rc7+
{[%clk 0:07:32]} Kb5 {[%clk 0:02:14]} 69. Rh7 {[%clk 0:07:26]} h2
{[%clk 0:02:23]} 70. f5 {[%clk 0:07:53]} Nh3 {[%clk 0:02:04]} 0-1